Augustine and modern law (Registro nro. 184224)

Detalles MARC
000 -ENCABEZADO
Número de control [NR] 03157cam a2200313Ia 4500
005 - FECHA Y HORA DE LA ÚLTIMA TRANSACCIÓN
control field 20161116090152.0
008 - DE LONGITUD FIJA DE DATOS DE ELEMENTOS - INFORMACIÓN GENERAL
Elementos de longitud fija [NR] 101029s2011 enk frn 001 0 eng d
020 ## - NUMERO INTERNACIONAL NORMALIZADO PARA LIBROS [R]
Número Internacional Normalizado del libro [NR] 9780754628941
040 ## - FUENTE DE CATALOGACION [NR]
Agencia de catalogación original [NR] CO-BoUCM
Idioma de catalogación [NR] spa
Quien Cataloga Jose A. Gerena (modificó)
Quien Clasifica
041 0# - CODIGO DE IDIOMA [R]
Código de idioma para texto/pista de sonido o título separado [R] Inglés
245 00 - MENCION DE TITULO [NR]
Título [NR] Augustine and modern law
Mención de responsabilidad, etc. [NR] editado por Richard O. Brooks y James Bernard Murphy
260 ## - PUBLICACION, DISTRIBUCION, ETC. (PIE DE IMPRENTA) [R]
Lugar de publicación, distribución, etc. [R] Farnham (Surrey, Inglaterra)
Nombre del editor, distribuidor, etc. [R] Ashgate
Fecha de publicación, distribución, etc. [R] 2011
300 ## - DESCRIPCION FISICA [R]
Extensión [R] liii, 517 páginas
490 0# - MENCION DE SERIE [R]
Mención de serie [R] Philosophers and law
500 ## - NOTA GENERAL [R]
Nota general [NR] Incluye índice
505 0# - NOTA DE CONTENIDO CON FORMATO PREESTABLECIDO [R]
Nota de contenido con formato preestablecido [NR] The life and religion of Saint Augustine / Whitney J. Oates (1948) -- Life, culture and controversies of Augustine / Robert Markus (1999) -- The two cities in Augustine's political philosophy / Rex Martin (1972) -- The origin and dynamics of society and the state according to St Augustine / D.J. MacQueen (1973) -- Augustine's critique of human justice / Gaylon L. Caldwell (1960) -- Justice as the foundation of the political community : Augustine and his pagan models / Ernest L. Fortin -- The problem of service to unjust regimes in Augustine's City of God / Peter Burnell (1993) -- Pluralism and secularism in the political order : St Augustine and theoretical liberalism / Michael J. White (1994) -- The fundamental ideas in St Augustine's philosophy of law / Anton-Hermann Chroust (1973) -- Two conceptions of political authority : Augustine, De Civitate Dei xix, 14-15, and some thirteenth-century interpretations / R.A. Markus (1965) -- Roman law in the works of St Augustine / Francesco Lardone (1933) -- Will and order : the moral self in Augustine's De libero arbitrio / Eric O. Springsted (1998) -- Augustine's political realism / Reinhold Niebuhr (1953) -- St Augustine and the Christian idea of progress : the background of the City of God / Theodor E. Mommsen -- Augustine's philosophy of history / Rüdiger Bittner (1999) -- Augustine's Confessions and the poetics of the law / Eugene Vance (1978) -- Augustine and the problem of Christian rhetoric / Ernest L. Fortin (1996) -- Saint Augustine on war and killing : the problem of the innocent / Richard Shelly Hartigan (1966) -- Coge intrare : the Church and political power / R.A. Markus (1979) -- Augustine on justifying coercion / John R. Bowlin (1997) -- S. Augustine's attitude to religious coercion / P.R.L. Brown (1964) -- The coercion of heretics / John von Heyking (2001) -- Marriage in its procreative dimensions : the meaning of the institution of marriage throughout the ages / Charles J. Reid, Jr. (2009).
600 04 - ASIENTO SECUNDARIO DE MATERIA - NOMBRE PERSONAL [R]
Nombre personal [NR] Augustín
Títulos y otras palabras asociadas con el nombre [R] Santo
-- Obispo de Hipona
Subdivisión general [R] Influencia
9 (RLIN) 54830
600 04 - ASIENTO SECUNDARIO DE MATERIA - NOMBRE PERSONAL [R]
Nombre personal [NR] Augustín
Títulos y otras palabras asociadas con el nombre [R] Santo
-- Obispo de Hipona
Subdivisión general [R] Pensamiento polítco y social
9 (RLIN) 55262
650 #4 - ASIENTO SECUNDARIO DE MATERIA - TERMINO TEMATICO [R]
Término temático o nombre geográfico como elemento de entrada [NR] Cristianismo y derecho
9 (RLIN) 55263
650 #4 - ASIENTO SECUNDARIO DE MATERIA - TERMINO TEMATICO [R]
Término temático o nombre geográfico como elemento de entrada [NR] Fuentes del derecho
9 (RLIN) 16161
650 #7 - ASIENTO SECUNDARIO DE MATERIA - TERMINO TEMATICO [R]
Término temático o nombre geográfico como elemento de entrada [NR] Derecho
Subdivisión general [R] Historia
9 (RLIN) 12854
650 #7 - ASIENTO SECUNDARIO DE MATERIA - TERMINO TEMATICO [R]
Término temático o nombre geográfico como elemento de entrada [NR] Filosofía del derecho
9 (RLIN) 15792
650 #7 - ASIENTO SECUNDARIO DE MATERIA - TERMINO TEMATICO [R]
Término temático o nombre geográfico como elemento de entrada [NR] Filosofía política
9 (RLIN) 15841
690 ## - ASUNTO AGREGADO LOCAL DE ENTRADA - TÉRMINO TEMÁTICO (OCLC, RLIN)
9 (RLIN) 44946
Acceso temático local Filosofía del derecho
700 1# - ASIENTO SECUNDARIO - NOMBRE PERSONAL [R]
Nombre personal [NR] Brooks, Richard Oliver
Término de relación [R] editor
9 (RLIN) 54836
700 1# - ASIENTO SECUNDARIO - NOMBRE PERSONAL [R]
Nombre personal [NR] Murphy, James Bernard
Fechas asociadas con el nombre [NR] 1958-
Término de relación [R] editor
9 (RLIN) 54837
942 ## - ELEMENTOS DE ENTRADA AGREGADOS (KOHA)
Tema principal Derecho
Tipo de ítem principal el descrito en 300a Libro
Edición 1
Parte restante de la signatura top. A923
Sistema de clasificación DEWEY
Clasificación 340.11
Existencias
Signatura topográfica Código de barras Última vez visto Ejemplar Costo de reposición Price effective from Tipo de ítem Perdido Sistema de clasificación Dañado No prestable Tipo de ítem específico Suprimido Ubicación habitual Ubicación actual Localización Fecha de creación Proveedor Forma de adquisición Costo
340.11 A923 100140877 08/06/2024 Ej.2 596850.00 19/03/2014 Libro   DEWEY     Libro   Bodega Bodega 3er piso 19/03/2014 15 Compra 596850.00